| 000 | 00566nam a2200193Ia 4500 | ||
|---|---|---|---|
| 999 |
_c1703 _d1703 |
||
| 003 | OSt | ||
| 005 | 20200923144558.0 | ||
| 008 | 190216s9999||||xx |||||||||||||| ||und|| | ||
| 020 | _a9788122414943 | ||
| 040 | _coclc | ||
| 082 |
_a576 _bANE/E |
||
| 100 |
_aAneja, K R _94895 |
||
| 245 | 0 |
_aExperiments In Microbiology, Plant Pathology and Biotechnology / _cK R Aneja |
|
| 250 | _a4th Ed. | ||
| 260 |
_bNew Age International Publishers, _aNew Delhi: _c2007. |
||
| 300 | _a606p | ||
| 650 | _aBotany | ||
| 942 |
_cBK _2ddc _h576 _iANE/E _k576 _mANE/E |
||